Hojas literarias /

Wedi'i Gadw mewn:
Manylion Llyfryddiaeth
Fformat: Llyfr
Iaith:Sbaeneg
Pynciau:
Tagiau: Ychwanegu Tag
Dim Tagiau, Byddwch y cyntaf i dagio'r cofnod hwn!

MARC

LEADER 00000nam^a2200000^a^4500
001 000136121
005 20250521000000.0
009 20260310095308.3
037 |a Acervo ITESO - Biblioteca 
041 |a ESP 
082 |a 805.  |b HOJ 1950 V. 2 
240 1 1 |a [Hojas literarias] 
245 0 0 |a Hojas literarias / 
264 |a Madrid, España :  |b Cuadernos Literarios,  |c 1950 
300 |a 16 p. 
336 |a texto  |b txt  |2 rdacontenido 
337 |a sin mediación  |b n  |2 rdamedio 
338 |a volumen  |b nc  |2 rdasoporte 
649 |a XX 
650 |a Literatura -  |x Publicaciones Periódicas Españolas 
650 |a Poesía 
650 |a Cuentos 
910 |a Fondo Salvador Reynoso Reynoso 
920 |a Impresos - Libros 
930 |a Fondos Especiales 
940 |a Literatura 
905 |a 112 
901 |a 0800013842  |b IT2  |c ESP  |u 20250521 
902 |a https://opac.biblio.iteso.mx/vufind/Record/000136121